书目信息 |
| 题名: |
译名差错案例与解析
|
|
| 作者: | 李学军 著 | |
| 分册: | ||
| 出版信息: | 北京 外语教学与研究出版社 2022.04 |
|
| 页数: | 14, 296页 | |
| 开本: | 21cm | |
| 丛书名: | ||
| 单 册: | ||
| 中图分类: | H059 | |
| 科图分类: | ||
| 主题词: | 译名--yi ming--翻译--错误分析 | |
| 电子资源: | ||
| ISBN: | 978-7-5213-3391-6 | |
| 000 | 00779nam0 2200217 450 | |
| 001 | 011025153607 | |
| 005 | 20221025153607.0 | |
| 010 | @a978-7-5213-3391-6@dCNY58.00 | |
| 100 | @a20201004d2022 em y0chiy0120 ea | |
| 101 | 0 | @achi |
| 102 | @aCN@b110000 | |
| 105 | @ay z 000yy | |
| 106 | @ar | |
| 200 | 1 | @a译名差错案例与解析@Ayi ming cha cuo an li yu jie xi@f李学军著 |
| 210 | @a北京@c外语教学与研究出版社@d2022.04 | |
| 215 | @a14, 296页@d21cm | |
| 330 | @a本书汇集了作者在新华社译名室多年工作期间收集的数百个典型案例,系统、详细地讲解了新华社制定的译名规范,有助于广大翻译和编辑工作者树立使用规范译名意识,有效避免各类译名差错。 | |
| 606 | 0 | @a译名@Ayi ming@x翻译@x错误分析 |
| 690 | @aH059@v5 | |
| 701 | 0 | @a李学军@Ali xue jun@4著 |
| 905 | @a河南城建学院图书馆@dH059@eL302 | |
| 译名差错案例与解析/李学军著.-北京:外语教学与研究出版社,2022.04 |
| 14, 296页;21cm |
| ISBN 978-7-5213-3391-6:CNY58.00 |
| 本书汇集了作者在新华社译名室多年工作期间收集的数百个典型案例,系统、详细地讲解了新华社制定的译名规范,有助于广大翻译和编辑工作者树立使用规范译名意识,有效避免各类译名差错。 |
| ● |
| 相关链接 |
|
|
|
正题名:译名差错案例与解析
索取号:H059/L302
 
预约/预借
| 序号 | 登录号 | 条形码 | 馆藏地/架位号 | 状态 | 备注 |
| 1 | 1588607 | 215886076 | 语言库209/209语言库 67排3列2层/ [索取号:H059/L302] | 在馆 | |
| 2 | 1588608 | 215886085 | 语言库209/209语言库 67排3列2层/ [索取号:H059/L302] | 在馆 |